000 00212 a2200097 4500
001 58710
090 _c36032
_d36032
245 _ausing microsoft office 2000 (with cd)
260 _anew delhi
_bphi
_c1999
505 _aCD/DVD
942 _aNUST-CAE
999 _c293783
_d293783